[Event "Grand Swiss "]
[Date "2025.09.14"]
[White "Puranik, Abhimanyu"]
[Black "Suleymanli, Aydin"]
[WhiteElo "2640"]
[BlackElo "2602"]
[Round "10.10.34"]
[Result "1/2-1/2"]

1. d4 {[%clk 01:40:57] [%emt 00:00:02]} Nf6 {[%clk 01:40:54] [%emt 00:00:06]} 2.
c4 {[%clk 01:41:15] [%emt 00:00:13]} e6 {[%clk 01:41:19] [%emt 00:00:05]} 3. Nf3
{[%clk 01:41:42] [%emt 00:00:02]} d5 {[%clk 01:41:30] [%emt 00:00:19]} 4. g3
{[%clk 01:41:58] [%emt 00:00:14]} Be7 {[%clk 01:41:54] [%emt 00:00:07]} 5. Bg2
{[%clk 01:42:24] [%emt 00:00:04]} O-O {[%clk 01:42:15] [%emt 00:00:08]} 6. Qd3
{[%clk 01:42:04] [%emt 00:00:50]} h6 {[%clk 01:42:10] [%emt 00:00:36]} 7. O-O
{[%clk 01:42:11] [%emt 00:00:22]} c5 {[%clk 01:42:04] [%emt 00:00:36]} 8. cxd5
{[%clk 01:42:27] [%emt 00:00:14]} exd5 {[%clk 01:42:09] [%emt 00:00:25]} 9. dxc5
{[%clk 01:42:28] [%emt 00:00:29]} Bxc5 {[%clk 01:42:02] [%emt 00:00:37]} 10. a3
{[%clk 01:42:46] [%emt 00:00:13]} a5 {[%clk 01:40:34] [%emt 00:01:57]} 11. Nc3
{[%clk 01:39:40] [%emt 00:03:36]} Nc6 {[%clk 01:30:23] [%emt 00:10:41]} 12. Bf4
{[%clk 01:40:04] [%emt 00:00:06]} Be6 {[%clk 01:08:28] [%emt 00:22:25]} 13. Rac1
{[%clk 01:38:17] [%emt 00:02:17]} Qe7 {[%clk 01:01:52] [%emt 00:07:07]} 14. Be3
{[%clk 01:28:32] [%emt 00:10:14]} Rad8 {[%clk 00:46:21] [%emt 00:16:00]} 15. Nb5
{[%clk 01:20:03] [%emt 00:09:00]} b6 {[%clk 00:42:00] [%emt 00:04:51]} 16. Nbd4
{[%clk 01:18:00] [%emt 00:02:34]} Nxd4 {[%clk 00:41:53] [%emt 00:00:37]} 17.
Bxd4 {[%clk 01:18:21] [%emt 00:00:09]} Bg4 {[%clk 00:37:42] [%emt 00:04:40]} 18.
Rfe1 {[%clk 01:11:24] [%emt 00:07:27]} Rfe8 {[%clk 00:34:29] [%emt 00:03:43]}
19. Ne5 {[%clk 01:02:20] [%emt 00:09:34]} Bxd4 {[%clk 00:32:35] [%emt 00:02:25]}
20. Nc6 {[%clk 01:01:31] [%emt 00:01:18]} Qd6 {[%clk 00:30:04] [%emt 00:03:00]}
21. Nxd4 {[%clk 01:01:18] [%emt 00:00:44]} Bd7 {[%clk 00:28:36] [%emt 00:01:58]}
22. Qd2 {[%clk 00:59:14] [%emt 00:02:34]} Rc8 {[%clk 00:26:02] [%emt 00:03:04]}
23. Qf4 {[%clk 00:59:04] [%emt 00:00:39]} Qxf4 {[%clk 00:25:03] [%emt 00:01:30]}
24. gxf4 {[%clk 00:59:29] [%emt 00:00:05]} Rc4 {[%clk 00:23:22] [%emt 00:02:11]}
25. Rcd1 {[%clk 00:58:22] [%emt 00:01:37]} Rec8 {[%clk 00:23:34] [%emt
00:00:18]} 26. e3 {[%clk 00:58:12] [%emt 00:00:40]} Kf8 {[%clk 00:19:37] [%emt
00:04:28]} 27. Bf1 {[%clk 00:55:25] [%emt 00:03:16]} R4c5 {[%clk 00:19:17] [%emt
00:00:50]} 28. h4 {[%clk 00:53:22] [%emt 00:02:32]} Ke7 {[%clk 00:18:41] [%emt
00:01:07]} 29. f3 {[%clk 00:52:10] [%emt 00:01:43]} Rg8 {[%clk 00:14:30] [%emt
00:04:40]} 30. Kf2 {[%clk 00:52:16] [%emt 00:00:23]} g5 {[%clk 00:14:52] [%emt
00:00:08]} 31. fxg5 {[%clk 00:52:17] [%emt 00:00:30]} hxg5 {[%clk 00:15:17]
[%emt 00:00:05]} 32. hxg5 {[%clk 00:52:45] [%emt 00:00:03]} Rxg5 {[%clk
00:15:40] [%emt 00:00:07]} 33. Bd3 {[%clk 00:51:20] [%emt 00:01:54]} Rc8 {[%clk
00:15:58] [%emt 00:00:12]} 34. Rh1 {[%clk 00:51:11] [%emt 00:00:37]} Rh5 {[%clk
00:08:34] [%emt 00:07:56]} 35. Rxh5 {[%clk 00:49:04] [%emt 00:02:38]} Nxh5
{[%clk 00:09:00] [%emt 00:00:03]} 36. Rh1 {[%clk 00:46:54] [%emt 00:02:38]} Nf6
{[%clk 00:09:27] [%emt 00:00:05]} 37. Ne2 {[%clk 00:47:18] [%emt 00:00:06]} Be6
{[%clk 00:08:45] [%emt 00:01:13]} 38. Ke1 {[%clk 00:39:57] [%emt 00:07:50]} Nd7
{[%clk 00:08:19] [%emt 00:00:56]} 39. Kd2 {[%clk 00:40:03] [%emt 00:00:23]} Ne5
{[%clk 00:01:47] [%emt 00:07:02]} 40. Nd4 {[%clk 00:40:27] [%emt 00:00:07]} Rg8
{[%clk 00:00:34] [%emt 00:01:42]} 41. Be2 {[%clk 00:36:33] [%emt 00:04:25]} Rg2
{[%clk 00:00:50] [%emt 00:00:14]} 42. b3 {[%clk 00:36:09] [%emt 00:00:53]} Kd6
{[%clk 00:45:17] [%emt 00:06:04]} 43. Kc3 {[%clk 01:12:18] [%emt 00:14:20]} Nc6
{[%clk 00:38:46] [%emt 00:07:02]} 44. Bd3 {[%clk 01:12:42] [%emt 00:00:06]} Nxd4
{[%clk 00:38:11] [%emt 00:01:06]} 45. Kxd4 {[%clk 01:13:07] [%emt 00:00:04]} Rb2
{[%clk 00:36:21] [%emt 00:02:19]} 46. Kc3 {[%clk 01:12:05] [%emt 00:01:32]} Rf2
{[%clk 00:34:50] [%emt 00:02:02]} 47. f4 {[%clk 01:12:28] [%emt 00:00:07]} d4+
{[%clk 00:33:08] [%emt 00:02:12]} 48. Kxd4 {[%clk 01:12:51] [%emt 00:00:07]}
Bxb3 {[%clk 00:33:36] [%emt 00:00:03]} 49. Rh6+ {[%clk 01:09:36] [%emt
00:03:45]} Kc7 {[%clk 00:33:41] [%emt 00:00:24]} 50. Kc3 {[%clk 01:07:04] [%emt
00:03:02]} a4 {[%clk 00:32:24] [%emt 00:01:48]} 51. Rf6 {[%clk 01:07:05] [%emt
00:00:28]} Ra2 {[%clk 00:29:12] [%emt 00:03:42]} 52. Bb1 {[%clk 00:59:31] [%emt
00:08:03]} Re2 {[%clk 00:29:38] [%emt 00:00:04]} 53. e4 {[%clk 00:59:35] [%emt
00:00:26]} Re1 {[%clk 00:29:45] [%emt 00:00:24]} 54. Bd3 {[%clk 00:59:28] [%emt
00:00:37]} Ra1 {[%clk 00:29:58] [%emt 00:00:17]} 55. e5 {[%clk 00:55:01] [%emt
00:04:56]} Rxa3 {[%clk 00:24:16] [%emt 00:06:12]} 56. Bc4 {[%clk 00:50:30] [%emt
00:05:02]} Bxc4+ {[%clk 00:24:42] [%emt 00:00:04]} 57. Kxc4 {[%clk 00:50:56]
[%emt 00:00:04]} Re3 {[%clk 00:21:22] [%emt 00:03:49]} 58. Rxf7+ {[%clk
00:46:57] [%emt 00:04:30]} Kb8 {[%clk 00:19:25] [%emt 00:02:27]} 59. Kb5 {[%clk
00:27:09] [%emt 00:20:17]} a3 {[%clk 00:19:35] [%emt 00:00:21]} 60. Rf8+ {[%clk
00:27:35] [%emt 00:00:05]} 1/2-1/2

[Site "Europe Echecs"]

[Event "Grand Swiss "]
[Date "2025.09.14"]
[White "Chigaev, Maksim"]
[Black "Narayanan S L"]
[WhiteElo "2638"]
[BlackElo "2591"]
[Round "10.10.35"]
[Result "0-1"]

1. e4 {[%clk 01:40:54] [%emt 00:00:05]} c5 {[%clk 01:40:55] [%emt 00:00:06]} 2.
Nf3 {[%clk 01:41:18] [%emt 00:00:05]} d6 {[%clk 01:41:21] [%emt 00:00:05]} 3. d4
{[%clk 01:41:30] [%emt 00:00:18]} cxd4 {[%clk 01:41:45] [%emt 00:00:05]} 4. Qxd4
{[%clk 01:41:54] [%emt 00:00:06]} Nf6 {[%clk 01:41:51] [%emt 00:00:25]} 5. Nc3
{[%clk 01:41:09] [%emt 00:01:14]} e5 {[%clk 01:38:07] [%emt 00:04:14]} 6. Qa4+
{[%clk 01:31:51] [%emt 00:09:48]} Nc6 {[%clk 01:31:21] [%emt 00:07:16]} 7. Bg5
{[%clk 01:29:19] [%emt 00:03:01]} Bd7 {[%clk 01:19:24] [%emt 00:12:29]} 8. Bxf6
{[%clk 01:26:00] [%emt 00:03:48]} Qxf6 {[%clk 01:18:47] [%emt 00:01:07]} 9. Nd5
{[%clk 01:23:42] [%emt 00:02:48]} Qd8 {[%clk 01:19:00] [%emt 00:00:18]} 10.
O-O-O {[%clk 01:19:59] [%emt 00:04:12]} a6 {[%clk 01:13:39] [%emt 00:05:52]} 11.
Qa3 {[%clk 01:16:30] [%emt 00:03:59]} Be6 {[%clk 00:56:04] [%emt 00:18:04]} 12.
Kb1 {[%clk 01:11:31] [%emt 00:05:29]} Bxd5 {[%clk 00:51:34] [%emt 00:05:00]} 13.
Rxd5 {[%clk 01:00:49] [%emt 00:11:12]} Be7 {[%clk 00:51:40] [%emt 00:00:24]} 14.
Qe3 {[%clk 00:59:46] [%emt 00:01:33]} O-O {[%clk 00:51:39] [%emt 00:00:32]} 15.
h4 {[%clk 00:56:02] [%emt 00:04:13]} Qc7 {[%clk 00:47:27] [%emt 00:04:43]} 16.
c3 {[%clk 00:43:08] [%emt 00:13:23]} b5 {[%clk 00:47:13] [%emt 00:00:44]} 17. g3
{[%clk 00:35:39] [%emt 00:08:00]} Rab8 {[%clk 00:40:21] [%emt 00:07:22]} 18. Bh3
{[%clk 00:34:02] [%emt 00:02:06]} Na5 {[%clk 00:28:34] [%emt 00:12:17]} 19. b3
{[%clk 00:33:01] [%emt 00:01:31]} Nb7 {[%clk 00:28:09] [%emt 00:00:56]} 20. b4
{[%clk 00:31:48] [%emt 00:01:43]} Qc6 {[%clk 00:26:06] [%emt 00:02:33]} 21. Ng5
{[%clk 00:27:07] [%emt 00:05:09]} a5 {[%clk 00:20:48] [%emt 00:05:49]} 22. f4
{[%clk 00:23:14] [%emt 00:04:24]} Ra8 {[%clk 00:05:58] [%emt 00:15:21]} 23. Rc1
{[%clk 00:21:11] [%emt 00:02:31]} Qa6 {[%clk 00:05:46] [%emt 00:00:42]} 24. Rc2
{[%clk 00:16:54] [%emt 00:04:47]} Nd8 {[%clk 00:03:38] [%emt 00:02:39]} 25. Bf1
{[%clk 00:15:04] [%emt 00:02:20]} Rb8 {[%clk 00:03:43] [%emt 00:00:26]} 26. a3
{[%clk 00:08:05] [%emt 00:07:29]} h6 {[%clk 00:04:09] [%emt 00:00:03]} 27. Nf3
{[%clk 00:08:29] [%emt 00:00:05]} Ne6 {[%clk 00:04:28] [%emt 00:00:12]} 28. f5
{[%clk 00:07:06] [%emt 00:01:53]} Nc7 {[%clk 00:02:43] [%emt 00:02:15]} 29. Rd3
{[%clk 00:07:27] [%emt 00:00:09]} Na8 {[%clk 00:02:26] [%emt 00:00:48]} 30. Rd5
{[%clk 00:07:11] [%emt 00:00:47]} Rfc8 {[%clk 00:01:46] [%emt 00:01:10]} 31. g4
{[%clk 00:04:12] [%emt 00:03:29]} axb4 {[%clk 00:02:12] [%emt 00:00:04]} 32.
cxb4 {[%clk 00:04:36] [%emt 00:00:06]} Rxc2 {[%clk 00:02:39] [%emt 00:00:04]}
33. Kxc2 {[%clk 00:05:04]} Nb6 {[%clk 00:02:16] [%emt 00:00:52]} 34. Rxb5 {[%clk
00:04:46] [%emt 00:00:49]} Rc8+ {[%clk 00:02:41] [%emt 00:00:05]} 35. Kd2 {[%clk
00:01:57] [%emt 00:03:19]} Bd8 {[%clk 00:03:00] [%emt 00:00:11]} 36. g5 {[%clk
00:01:11] [%emt 00:01:16]} Qa4 {[%clk 00:01:41] [%emt 00:01:50]} 37. Ke1 {[%clk
00:00:35] [%emt 00:01:06]} hxg5 {[%clk 00:01:59] [%emt 00:00:12]} 38. hxg5
{[%clk 00:01:03] [%emt 00:00:03]} Qc2 {[%clk 00:02:00] [%emt 00:00:29]} 39. f6
{[%clk 00:00:34] [%emt 00:00:59]} Rc3 {[%clk 00:02:15] [%emt 00:00:14]} 40. Qe2
{[%clk 00:00:44] [%emt 00:00:20]} Qc1+ {[%clk 00:02:23] [%emt 00:00:23]} 0-1

[Site "Europe Echecs"]

[Event "Grand Swiss "]
[Date "2025.09.14"]
[White "Gukesh D"]
[Black "Sargissian, Gabriel"]
[WhiteElo "2767"]
[BlackElo "2626"]
[Round "10.10.36"]
[Result "1-0"]

1. e4 {[%clk 01:40:57] [%emt 00:00:01]} e5 {[%clk 01:40:49] [%emt 00:00:11]} 2.
Nf3 {[%clk 01:41:23] [%emt 00:00:04]} Nc6 {[%clk 01:40:28] [%emt 00:00:51]} 3.
Bc4 {[%clk 01:41:48] [%emt 00:00:05]} Nf6 {[%clk 01:40:52] [%emt 00:00:06]} 4.
d3 {[%clk 01:42:13] [%emt 00:00:05]} Be7 {[%clk 01:41:04] [%emt 00:00:18]} 5.
Nbd2 {[%clk 01:42:35] [%emt 00:00:08]} O-O {[%clk 01:38:21] [%emt 00:03:13]} 6.
a4 {[%clk 01:43:00] [%emt 00:00:04]} d6 {[%clk 01:37:58] [%emt 00:00:53]} 7. O-O
{[%clk 01:43:17] [%emt 00:00:13]} Be6 {[%clk 01:37:45] [%emt 00:00:43]} 8. c3
{[%clk 01:40:14] [%emt 00:03:34]} a5 {[%clk 01:28:34] [%emt 00:09:41]} 9. Qb3
{[%clk 01:40:36] [%emt 00:00:07]} Qd7 {[%clk 01:27:47] [%emt 00:01:18]} 10. Bxe6
{[%clk 01:40:58] [%emt 00:00:08]} fxe6 {[%clk 01:27:38] [%emt 00:00:39]} 11. Re1
{[%clk 01:41:22] [%emt 00:00:05]} h6 {[%clk 01:26:02] [%emt 00:02:07]} 12. Nf1
{[%clk 01:41:24] [%emt 00:00:28]} b6 {[%clk 01:22:37] [%emt 00:03:55]} 13. Bd2
{[%clk 01:40:56] [%emt 00:00:58]} Rad8 {[%clk 01:05:15] [%emt 00:17:51]} 14. Ng3
{[%clk 01:33:15] [%emt 00:08:11]} d5 {[%clk 00:50:54] [%emt 00:14:51]} 15. exd5
{[%clk 01:27:39] [%emt 00:06:07]} Qxd5 {[%clk 00:50:39] [%emt 00:00:45]} 16. Qb5
{[%clk 01:28:01] [%emt 00:00:08]} Nd7 {[%clk 00:49:58] [%emt 00:01:11]} 17. Ne4
{[%clk 01:14:46] [%emt 00:13:45]} Ndb8 {[%clk 00:40:14] [%emt 00:10:13]} 18. Re3
{[%clk 01:10:32] [%emt 00:04:45]} Na7 {[%clk 00:30:49] [%emt 00:09:55]} 19. Qxd5
{[%clk 01:07:26] [%emt 00:03:36]} exd5 {[%clk 00:30:09] [%emt 00:01:10]} 20. Ng3
{[%clk 01:07:52] [%emt 00:00:04]} Nac6 {[%clk 00:29:05] [%emt 00:01:34]} 21.
Nxe5 {[%clk 01:07:46] [%emt 00:00:35]} d4 {[%clk 00:28:13] [%emt 00:01:23]} 22.
Nxc6 {[%clk 01:06:06] [%emt 00:02:10]} dxe3 {[%clk 00:23:39] [%emt 00:05:04]}
23. Nxd8 {[%clk 01:05:59] [%emt 00:00:38]} exf2+ {[%clk 00:19:35] [%emt
00:04:33]} 24. Kf1 {[%clk 01:06:23] [%emt 00:00:05]} Bxd8 {[%clk 00:18:32] [%emt
00:01:33]} 25. Ne4 {[%clk 01:05:18] [%emt 00:01:36]} Nd7 {[%clk 00:17:26] [%emt
00:01:37]} 26. Ke2 {[%clk 01:05:34] [%emt 00:00:13]} Nf6 {[%clk 00:13:11] [%emt
00:04:44]} 27. Nxf6+ {[%clk 00:59:36] [%emt 00:06:28]} Bxf6 {[%clk 00:13:20]
[%emt 00:00:22]} 28. Rf1 {[%clk 00:59:46] [%emt 00:00:19]} Kf7 {[%clk 00:13:11]
[%emt 00:00:39]} 29. d4 {[%clk 00:59:30] [%emt 00:00:47]} Ke6 {[%clk 00:13:04]
[%emt 00:00:37]} 30. Rxf2 {[%clk 00:59:51] [%emt 00:00:08]} c6 {[%clk 00:13:00]
[%emt 00:00:34]} 31. Kd3 {[%clk 00:59:17] [%emt 00:01:04]} b5 {[%clk 00:11:15]
[%emt 00:02:16]} 32. axb5 {[%clk 00:53:56] [%emt 00:05:51]} cxb5 {[%clk
00:11:01] [%emt 00:00:44]} 33. g4 {[%clk 00:42:12] [%emt 00:12:13]} a4 {[%clk
00:11:20] [%emt 00:00:11]} 34. Rf5 {[%clk 00:42:37] [%emt 00:00:05]} Rb8 {[%clk
00:11:45] [%emt 00:00:05]} 35. Rc5 {[%clk 00:42:49] [%emt 00:00:19]} Kd7 {[%clk
00:06:34] [%emt 00:05:40]} 36. Bf4 {[%clk 00:42:11] [%emt 00:01:08]} Rb7 {[%clk
00:06:59] [%emt 00:00:06]} 37. Rd5+ {[%clk 00:42:36] [%emt 00:00:05]} Ke8 {[%clk
00:06:17] [%emt 00:01:11]} 38. Bd6 {[%clk 00:41:18] [%emt 00:01:49]} Kf7 {[%clk
00:01:39] [%emt 00:05:07]} 39. Bb4 {[%clk 00:38:11] [%emt 00:03:38]} Rb8 {[%clk
00:01:54] [%emt 00:00:15]} 40. Rd6 {[%clk 00:31:57] [%emt 00:06:44]} Rb7 {[%clk
00:02:02] [%emt 00:00:22]} 41. Ra6 {[%clk 00:31:50] [%emt 00:00:36]} Rb8 {[%clk
00:49:55] [%emt 00:02:37]} 42. Bd6 {[%clk 01:19:46] [%emt 00:02:34]} 1-0

[Site "Europe Echecs"]

[Event "Grand Swiss "]
[Date "2025.09.14"]
[White "Aronian, Levon"]
[Black "Donchenko, Alexander"]
[WhiteElo "2744"]
[BlackElo "2624"]
[Round "10.10.37"]
[Result "1/2-1/2"]

1. e4 {[%clk 01:40:56] [%emt 00:00:03]} c5 {[%clk 01:40:39] [%emt 00:00:21]} 2.
Nf3 {[%clk 01:41:19] [%emt 00:00:07]} e6 {[%clk 01:40:55] [%emt 00:00:14]} 3. c3
{[%clk 01:41:43] [%emt 00:00:05]} d5 {[%clk 01:40:28] [%emt 00:00:57]} 4. exd5
{[%clk 01:42:07] [%emt 00:00:07]} Qxd5 {[%clk 01:40:02] [%emt 00:00:56]} 5. d4
{[%clk 01:42:30] [%emt 00:00:07]} Nf6 {[%clk 01:40:04] [%emt 00:00:28]} 6. Na3
{[%clk 01:42:55] [%emt 00:00:06]} a6 {[%clk 01:38:28] [%emt 00:02:07]} 7. Nc4
{[%clk 01:42:51] [%emt 00:00:33]} Nbd7 {[%clk 01:38:36] [%emt 00:00:22]} 8. Be2
{[%clk 01:43:00] [%emt 00:00:21]} b5 {[%clk 01:36:48] [%emt 00:02:18]} 9. Na5
{[%clk 01:42:08] [%emt 00:01:21]} Bd6 {[%clk 01:35:04] [%emt 00:02:14]} 10. c4
{[%clk 01:42:21] [%emt 00:00:17]} bxc4 {[%clk 01:35:11] [%emt 00:00:23]} 11.
Nxc4 {[%clk 01:42:47] [%emt 00:00:05]} O-O {[%clk 01:26:39] [%emt 00:09:02]} 12.
O-O {[%clk 01:42:18] [%emt 00:00:59]} Bb7 {[%clk 01:23:47] [%emt 00:03:22]} 13.
b3 {[%clk 01:41:07] [%emt 00:01:41]} Rfd8 {[%clk 01:08:11] [%emt 00:16:07]} 14.
Nxd6 {[%clk 01:38:58] [%emt 00:02:38]} Qxd6 {[%clk 01:08:35] [%emt 00:00:06]}
15. dxc5 {[%clk 01:37:12] [%emt 00:02:17]} Qxc5 {[%clk 01:07:26] [%emt
00:01:39]} 16. Qd4 {[%clk 01:36:29] [%emt 00:01:12]} a5 {[%clk 01:01:48] [%emt
00:06:09]} 17. Bb2 {[%clk 01:35:11] [%emt 00:01:48]} Ba6 {[%clk 00:58:44] [%emt
00:03:33]} 18. Bxa6 {[%clk 01:34:02] [%emt 00:01:39]} Qxd4 {[%clk 00:56:38]
[%emt 00:02:36]} 19. Nxd4 {[%clk 01:34:15] [%emt 00:00:17]} Rxa6 {[%clk
00:57:02] [%emt 00:00:06]} 20. Rac1 {[%clk 01:29:09] [%emt 00:05:35]} Nd5 {[%clk
00:45:42] [%emt 00:11:50]} 21. Rfd1 {[%clk 01:27:10] [%emt 00:02:29]} Raa8
{[%clk 00:38:24] [%emt 00:07:49]} 22. Nc6 {[%clk 01:25:13] [%emt 00:02:27]} Re8
{[%clk 00:38:36] [%emt 00:00:18]} 23. a4 {[%clk 01:25:31] [%emt 00:00:12]} Nb8
{[%clk 00:36:31] [%emt 00:02:36]} 24. Nd4 {[%clk 01:22:35] [%emt 00:03:26]} Na6
{[%clk 00:36:42] [%emt 00:00:19]} 25. g3 {[%clk 01:22:28] [%emt 00:00:37]} h5
{[%clk 00:34:43] [%emt 00:02:28]} 26. Rc4 {[%clk 01:18:49] [%emt 00:04:08]} Nab4
{[%clk 00:33:20] [%emt 00:01:53]} 27. Nb5 {[%clk 01:16:42] [%emt 00:02:38]} Red8
{[%clk 00:29:47] [%emt 00:04:04]} 28. Be5 {[%clk 01:12:29] [%emt 00:04:43]} Nb6
{[%clk 00:23:06] [%emt 00:07:11]} 29. Rcc1 {[%clk 01:02:52] [%emt 00:10:06]}
Rxd1+ {[%clk 00:22:51] [%emt 00:00:46]} 30. Rxd1 {[%clk 01:03:17] [%emt
00:00:05]} N6d5 {[%clk 00:23:15] [%emt 00:00:05]} 31. Bb2 {[%clk 00:59:16] [%emt
00:04:31]} Rc8 {[%clk 00:12:01] [%emt 00:11:44]} 32. Na3 {[%clk 00:49:44] [%emt
00:10:02]} Nc3 {[%clk 00:10:03] [%emt 00:02:29]} 33. Rd2 {[%clk 00:49:17] [%emt
00:00:56]} Ne4 {[%clk 00:08:33] [%emt 00:01:59]} 34. Rd4 {[%clk 00:48:19] [%emt
00:01:29]} Nc5 {[%clk 00:08:32] [%emt 00:00:31]} 35. Rc4 {[%clk 00:47:46] [%emt
00:01:03]} Rc6 {[%clk 00:05:29] [%emt 00:03:33]} 36. Rc3 {[%clk 00:45:59] [%emt
00:02:17]} Ncd3 {[%clk 00:05:23] [%emt 00:00:36]} 37. Rxc6 {[%clk 00:38:06]
[%emt 00:08:23]} Nxc6 {[%clk 00:05:50] [%emt 00:00:02]} 38. Nc4 {[%clk 00:38:30]
[%emt 00:00:06]} Nxb2 {[%clk 00:04:38] [%emt 00:01:43]} 39. Nxb2 {[%clk
00:38:08] [%emt 00:00:51]} Nd4 {[%clk 00:05:02] [%emt 00:00:05]} 40. b4 {[%clk
00:28:26] [%emt 00:10:13]} axb4 {[%clk 00:05:25] [%emt 00:00:06]} 41. f4 {[%clk
00:27:37] [%emt 00:01:19]} Kf8 {[%clk 00:27:17] [%emt 00:28:39]} 1/2-1/2

[Site "Europe Echecs"]

[Event "Grand Swiss "]
[Date "2025.09.14"]
[White "Shankland, Sam"]
[Black "Aryan Chopra"]
[WhiteElo "2670"]
[BlackElo "2619"]
[Round "10.10.38"]
[Result "1/2-1/2"]

1. e4 {[%clk 01:40:49] [%emt 00:00:10]} e5 {[%clk 01:40:55] [%emt 00:00:06]} 2.
Nf3 {[%clk 01:41:14] [%emt 00:00:06]} Nf6 {[%clk 01:41:20] [%emt 00:00:04]} 3.
Nxe5 {[%clk 01:41:29] [%emt 00:00:15]} d6 {[%clk 01:41:45] [%emt 00:00:05]} 4.
Nf3 {[%clk 01:41:53] [%emt 00:00:05]} Nxe4 {[%clk 01:42:10] [%emt 00:00:05]} 5.
d4 {[%clk 01:42:17] [%emt 00:00:06]} d5 {[%clk 01:42:35] [%emt 00:00:05]} 6. Bd3
{[%clk 01:42:29] [%emt 00:00:18]} Nc6 {[%clk 01:42:57] [%emt 00:00:08]} 7. O-O
{[%clk 01:42:33] [%emt 00:00:26]} Be7 {[%clk 01:43:22] [%emt 00:00:06]} 8. c4
{[%clk 01:42:25] [%emt 00:00:38]} Nb4 {[%clk 01:43:40] [%emt 00:00:12]} 9. Be2
{[%clk 01:42:47] [%emt 00:00:08]} O-O {[%clk 01:43:54] [%emt 00:00:16]} 10. Nc3
{[%clk 01:43:06] [%emt 00:00:11]} Bf5 {[%clk 01:43:57] [%emt 00:00:27]} 11. Ne5
{[%clk 01:42:38] [%emt 00:00:57]} c5 {[%clk 01:43:51] [%emt 00:00:36]} 12. a3
{[%clk 01:42:56] [%emt 00:00:12]} cxd4 {[%clk 01:44:04] [%emt 00:00:16]} 13.
Nxe4 {[%clk 01:43:14] [%emt 00:00:13]} dxe4 {[%clk 01:44:29] [%emt 00:00:05]}
14. axb4 {[%clk 01:43:36] [%emt 00:00:08]} f6 {[%clk 01:44:53] [%emt 00:00:06]}
15. Ng4 {[%clk 01:43:21] [%emt 00:00:45]} d3 {[%clk 01:45:15] [%emt 00:00:08]}
16. Ne3 {[%clk 01:43:44] [%emt 00:00:07]} dxe2 {[%clk 01:45:38] [%emt 00:00:07]}
17. Qxe2 {[%clk 01:44:11] [%emt 00:00:02]} Be6 {[%clk 01:45:43] [%emt 00:00:25]}
18. Rd1 {[%clk 01:43:58] [%emt 00:00:43]} Qc7 {[%clk 01:41:19] [%emt 00:04:54]}
19. Nd5 {[%clk 01:43:30] [%emt 00:00:58]} Bxd5 {[%clk 01:41:43] [%emt 00:00:06]}
20. Rxd5 {[%clk 01:43:55] [%emt 00:00:05]} Bxb4 {[%clk 01:38:16] [%emt
00:03:57]} 21. Be3 {[%clk 01:43:43] [%emt 00:00:42]} a5 {[%clk 01:24:14] [%emt
00:14:32]} 22. Rad1 {[%clk 01:35:47] [%emt 00:08:25]} Rad8 {[%clk 01:20:00]
[%emt 00:04:44]} 23. c5 {[%clk 01:33:43] [%emt 00:02:34]} Rxd5 {[%clk 01:16:27]
[%emt 00:04:04]} 24. Rxd5 {[%clk 01:34:08] [%emt 00:00:04]} Rd8 {[%clk 01:14:51]
[%emt 00:02:06]} 25. Qh5 {[%clk 01:22:31] [%emt 00:12:06]} g6 {[%clk 01:03:11]
[%emt 00:12:11]} 26. Qd1 {[%clk 01:22:56] [%emt 00:00:04]} Rxd5 {[%clk 01:03:38]
[%emt 00:00:04]} 27. Qxd5+ {[%clk 01:23:22] [%emt 00:00:04]} Kg7 {[%clk
01:03:48] [%emt 00:00:20]} 28. Qxe4 {[%clk 01:16:42] [%emt 00:07:10]} Bxc5
{[%clk 01:04:11] [%emt 00:00:07]} 29. Bxc5 {[%clk 01:17:07] [%emt 00:00:04]}
Qxc5 {[%clk 01:04:37] [%emt 00:00:05]} 30. Qxb7+ {[%clk 01:17:32] [%emt
00:00:05]} Kg8 {[%clk 01:05:02] [%emt 00:00:04]} 31. g3 {[%clk 01:17:29] [%emt
00:00:33]} a4 {[%clk 01:03:08] [%emt 00:02:25]} 32. h4 {[%clk 01:17:02] [%emt
00:00:57]} Qd4 {[%clk 01:02:40] [%emt 00:00:58]} 33. Kg2 {[%clk 01:17:07] [%emt
00:00:24]} h5 {[%clk 01:02:37] [%emt 00:00:33]} 1/2-1/2

[Site "Europe Echecs"]